| 000 | 00368nam a22001457a 4500 | ||
|---|---|---|---|
| 005 | 20170726113153.0 | ||
| 008 | 170726b xxu||||| |||| 00| 0 eng d | ||
| 022 | _a04304055 | ||
| 040 | _cPK-LaUMT | ||
| 082 |
_aZIAC 297.05 _bFIK- |
||
| 245 | _aFikr o Nazar(Vol-51 , No.4) | ||
| 260 |
_aIslamabad: _bIslamic research institue, _c2014 |
||
| 300 | _a181 p. | ||
| 942 | _cBK | ||
| 999 |
_c95716 _d95716 |
||